Tres horas en el Museo del Prado (Record no. 187837)

MARC details
000 -LEADER
campo de control de longitud fija 00702nam a2200193 i 4500
001 - NÚMERO DE CONTROL
campo de control 187837
003 - IDENTIFICADOR DE NÚMERO DE CONTROL
campo de control SpMaBN
005 - FECHA Y HORA DE LA ÚLTIMA TRANSACCIÓN
campo de control 20231228173811.0
008 - DATOS DE LONGITUD FIJA--INFORMACIÓN GENERAL
campo de control de longitud fija 180312s1939 sp a |||| | spa d
080 ## - NÚMERO DE LA CLASIFICACIÓN DECIMAL UNIVERSAL
Número de la Clasificación Decimal Universal 75:069(460.27 M.)Prado
100 1# - ENTRADA PRINCIPAL--NOMBRE DE PERSONA
Nombre de persona Ors, Eugenio d',
Fechas asociadas al nombre 1881-1954
9 (RLIN) 87358
245 10 - MENCIÓN DEL TÍTULO
Título Tres horas en el Museo del Prado
Resto del título : itinerario estético /
Mención de responsabilidad, etc. Eugenio d'Ors.
250 ## - MENCION DE EDICION
Mención de edición 4ª ed. renovada.
260 ## - PUBLICACIÓN, DISTRIBUCIÓN, ETC.
Lugar de publicación, distribución, etc. Madrid :
Nombre del editor, distribuidor, etc. Ediciones Españolas,
Fecha de publicación, distribución, etc. [1939] (
Fabricante Aldus, S.A.)
300 ## - DESCRIPCIÓN FÍSICA
Extensión 189 p. :
Otras características físicas il. ;
Dimensiones 15 cm.
610 24 - PUNTO DE ACCESO ADICIONAL DE MATERIA--NOMBRE DE ENTIDAD CORPORATIVA
Nombre de entidad corporativa o nombre de jurisdicción como elemento de entrada Museo Nacional del Prado.
9 (RLIN) 160001
852 ## - LOCALIZACIÓN
Ubicación ES-MaACL
Número de control de estantería L-31901
Nota libre . - Donat. herederos de la bibl. de Mª del Pilar Costa Palacín
Holdings
Estatus retirado Estado de pérdida Estado de daño No para préstamo Biblioteca de origen Biblioteca actual Ubicación en estantería Fecha de adquisición Fuente de adquisición Total de préstamos Signatura topográfica completa Código de barras Visto por última vez Precio de reemplazo Tipo de ítem Koha
        Biblioteca del Ateneo de Madrid Biblioteca del Ateneo de Madrid Depósito 2 12/03/2018     L-31901 1198470 23/02/2023 23/02/2023 Libro impreso